Textbook of pathology / (Record no. 134933)

MARC details
000 -LEADER
fixed length control field 00692nam a22002417a 4500
005 - DATE AND TIME OF LATEST TRANSACTION
control field 20170124110237.0
010 ## - LIBRARY OF CONGRESS CONTROL NUMBER
LC control number B-167140
020 ## - INTERNATIONAL STANDARD BOOK NUMBER
Terms of availability 690.00
International Standard Book Number 9788125026952
035 ## - SYSTEM CONTROL NUMBER
System control number B-167140
037 ## - SOURCE OF ACQUISITION
Source of stock number/acquisition Cen Lib/Ret
040 ## - CATALOGING SOURCE
Original cataloging agency DPL
Language of cataloging EN
082 ## - DEWEY DECIMAL CLASSIFICATION NUMBER
Classification number 616.7
Item number KRI
100 ## - MAIN ENTRY--PERSONAL NAME
Personal name Krishna, V.
9 (RLIN) 42199
245 ## - TITLE STATEMENT
Title Textbook of pathology /
Statement of responsibility, etc by V.Krishna
260 ## - PUBLICATION, DISTRIBUTION, ETC. (IMPRINT)
Place of publication, distribution, etc Hyedrabad
Name of publisher, distributor, etc Orient Longman
Date of publication, distribution, etc 2004
270 ## - ADDRESS
Address 3-6-752, Himayat Nagar
City Hyedrabad
Postal code 500029
300 ## - PHYSICAL DESCRIPTION
Extent xxvi,1315p. :
Other physical details 23cm(Hb)
Dimensions ill.
500 ## - GENERAL NOTE
General note Includes index
650 ## - SUBJECT ADDED ENTRY--TOPICAL TERM
Topical term or geographic name as entry element Pathology
9 (RLIN) 20793
650 ## - SUBJECT ADDED ENTRY--TOPICAL TERM
Topical term or geographic name as entry element Diseases--Causes and theories
9 (RLIN) 42200
700 ## - ADDED ENTRY--PERSONAL NAME
9 (RLIN) 42177
942 ## - ADDED ENTRY ELEMENTS (KOHA)
Source of classification or shelving scheme Dewey Decimal Classification
Koha item type English Books
Classification part 616.7
Call number prefix KRI
Holdings
Withdrawn status Lost status Damaged status Not for loan Collection code Home library Current library Date acquired Source of acquisition Cost, normal purchase price Total Checkouts Full call number Barcode Date last seen Copy number Cost, replacement price Price effective from Koha item type
      Not For Loan Reference Central Library Central Library 31/07/2015 Cen Lib/Ret 690.00   616.7 KRI B-167140 31/07/2015 1 690.00 31/07/2015 English Books

© Delhi Public Library
Hit Counter
free hit counter